000 00453ntaaa2200181 4500
003 01
005 20251027202738.0
008 0714s1973 ag 01
040 _aAR-BaBN
_bspa
_cAR-BaBN
_eaacr
_dRIC
082 _a745.5000 Si5
245 _aTrabalhos manuais
250 _a1 ed.
260 _aRío de Janeiro :
_bCasa Publicadora Batista,
_c1954
300 _a106 p
650 _atrabajos manuales
_917557
700 _aSimpson, Blanche V
942 _cBK
999 _c22712
_d22712